| 000 | 01590cam a2200385 i 4500 | ||
|---|---|---|---|
| 001 | zz2004908252 | ||
| 003 | NUKAT | ||
| 005 | 20260416200216.0 | ||
| 008 | 040603s1942 xxk |000 0 pol c | ||
| 035 | _a(OCoLC)1412996309 | ||
| 035 | _a(NUKAT)zz2004908252 | ||
| 040 |
_aGD U/MZ _cGD U/MZ _dGD U/MZ _dGD U/BDs _dKR U/39KP |
||
| 100 | 1 |
_aKwiatkowski, Michał _d(1883-1966). _940202 |
|
| 245 | 1 | 0 |
_aRząd i Rada Narodowa R.P. : _bw świetle faktów i dokumentów od września 1939 do lutego 1942 r. / _cMichał Kwiatkowski. |
| 246 | 3 | _aRząd i Rada Narodowa Rzeczypospolitej Polskiej | |
| 260 |
_aLondyn : _bnakł. autora, _c1942. |
||
| 300 |
_a163 s. ; _c21 cm. |
||
| 336 |
_aTekst _btxt _2rdacontent |
||
| 337 |
_aBez urządzenia pośredniczącego _bn _2rdamedia |
||
| 338 |
_aWolumin _bnc _2rdacarrier |
||
| 380 | _aKsiążki | ||
| 610 | 2 | 7 |
_aRada Narodowa Rzeczypospolitej Polskiej _2DBN _940203 |
| 610 | 2 | 7 |
_aRząd Rzeczypospolitej Polskiej na uchodźstwie _2DBN _939662 |
| 610 | 1 | 7 |
_aPolska. _bRada Narodowa Rzeczypospolitej Polskiej. _2kaba _940204 |
| 610 | 1 | 4 |
_aPolska. _bRząd Rzeczypospolitej Polskiej na Uchodźstwie. _2kaba _924280 |
| 648 | 7 |
_a1901-2000 _2DBN _934996 |
|
| 648 | 7 |
_a1939-1945 _2DBN _936042 |
|
| 650 | 7 |
_aPolacy za granicą _2DBN _935953 |
|
| 650 | 7 |
_aPolityka _2DBN _935231 |
|
| 655 | 7 |
_aWydawnictwo źródłowe _2DBN _935066 |
|
| 658 | _aPolityka, politologia, administracja publiczna | ||
| 710 | 1 |
_aPolska. _bRząd Rzeczypospolitej Polskiej na Uchodźstwie. _924280 |
|
| 710 | 1 |
_aPolska. _bRada Narodowa Rzeczypospolitej Polskiej. _940204 |
|
| 942 |
_2ddc _cBK_NM |
||
| 999 |
_c27626 _d27626 |
||